000 01437nab a22002897a 4500
999 _c5564
_d5564
003 OSt
005 20251218100059.0
008 190429b xxu||||| |||| 00| 0 spa d
040 _cPJ
100 _96542
_aSarcedo, Leandro
245 1 0 _aConsecuencias penales del consentimiento y práctica médica contemporánea. Comparación de los modelos de Brasil, España y Portugal /
_cLeandro Sarcedo.
260 _cCiudad Autónoma de Buenos Aires :
_aThomson Reuters La Ley,
_b2025.
300 _ap. 199-223
500 _aCita: TR LALEY AR/DOC/405/2025.
505 _aSumario: I. Introducción.— II. Consecuencias dogmáticas del consentimiento del titular del bien jurídico penal.— III. Consentimiento informado.— IV. Bioética y ampliación de las posibilidades de consentimiento del titular del bien jurídico.— V. Conclusiones.— VI. Referencias bibliográficas.
505 _tSi te interesa el texto completo, solicitalo a koha@justierradelfuego.gov.ar
650 0 _9343
_aDERECHO PENAL
650 0 _95585
_aCONSENTIMIENTO
650 0 _94273
_aCONSENTIMIENTO INFORMADO
650 0 _94094
_aBIOÉTICA
650 0 _91186
_aBIEN JURÍDICO PROTEGIDO
651 0 _9550
_aBRASIL
651 0 _9868
_aPORTUGAL
651 0 _9455
_aESPAÑA
773 0 _02658
_93164
_tRevista de derecho penal y criminología. Nº 3 - Abril 2025
_dCiudad Autónoma de Buenos Aires : Thomson Reuters La Ley, 2017-
_x00347914
942 _2udc
_cANA